Justiciabilidad de los Derechos Colectivos

Bibliographic Details
Main Author: Londoǫ Toro, Beatriz
Format: Unknown
Language:Spanish
Published: [Colombia] : Editorial Universidad de Rosario (Colombia), 2009
Subjects:
Online Access:Acceso restringido

MARC

LEADER 00000ny a22000003n 4500
005 2011061505135.0
008 100514s2009 ck 000 0 spa d
020 |a 9789587380224 
035 |a 4899 
040 |a BUS  |d vLex 
090 |c 722  |d 722 
100 1 |a Londoǫ Toro, Beatriz 
245 1 0 |a Justiciabilidad de los Derechos Colectivos  |h [Recurso electrn̤ico]  |c Beatriz Londoǫ Toro, editora acadm̌ica 
256 |a Servicio en ln̕ea 
260 |a [Colombia] :  |b Editorial Universidad de Rosario (Colombia),  |c 2009 
300 |a p. ;  |c cm 
506 1 |a Contenido solo disponible en los productos indicados  |d vLex Global  |d vLex Global (Academic Edition, excluding Law Schools)  |d vLex Global (U.S. Academic Edition, Law Schools)  |d vLex Global (U.S. Academic Edition, excluding Law Schools)  |d vLex Global (Academic Edition, Law Schools) 
650 0 4 |a Trabajadores  |x Derechos  |z America Latina 
740 0 |a vLex Libros (Servicios en ln̕ea) 
856 4 0 |u http://vlex.com/source/4899  |z Acceso restringido 
942 |c BOOK 
999 0 |a Working class  |b Colombia